000 01070nam a22002411i 4500
001 19615
090 _a19615
100 _a20170304u u u0frey50 ba
101 0 _apor
200 1 _fNatércia Freire
_aObra poética
215 _a2 vol. (216, 184 p.)
_d24 cm
300 _aOferta de Imprensa Nacional - Casa da Moeda
327 _aVol. 1: ISBN nÇ 972-27-0468-0. - Vol. 2: ISBN nÇ 972-27-0683-7
702 1 _aFerreira
_bDavid Mourão
_4080
_f1927-1996
700 1 _aFreire
_bNatércia
_4070
210 _cImprensa Nacional-Casa da Moeda
_aLisboa
_dD.L. 1991
225 2 _aBiblioteca de autores portugueses
410 0 _tBiblioteca de autores portugueses
996 _f0026798
_kFRE I
_m00000000
_n00000000
_aBMVA
_b1
_vViana do Alentejo
_xPoesia
_y18
_eLivro
_10
_31
996 _f0026799
_kFRE II
_m00000000
_n00000000
_aBMVA
_b1
_vViana do Alentejo
_xPoesia
_y18
_eLivro
_10
_31
996 _f0030996
_kFRE I
_m00000000
_n00000000
_aBMVA
_b1
_vAlcáçovas
_xPoesia
_y18
_eLivro
_10
_31
996 _f0030997
_kFRE II
_m00000000
_n00000000
_aBMVA
_b1
_vAlcáçovas
_xPoesia
_y18
_eLivro
_10
_31
990 _cLIVROS